00978nam a2200217Ia 4500003000400000005001700004008004100021040002100062041000800083082002400091100004000115245006800155260004100223300007600264500005400340505026800394650002800662650002100690650002800711650002100739OSt20201013162435.0191128s2009 ck ao gr 000 0 spa d aCO-JMCRcCO-JMCR aspa04a658.4 / bR149c2231 aRaigoso Rubio, Angélica, eeditor10a20 casos empresariales 2008 /cAngélica Raigoso Rubio, editor aBogotá : bLa República, c2009. a190 páginas : bfotografías, gráficos a blanco y negro ; c21 cm. aIncluye datos biográficos del editor en solapa.0 aUnión temporal: listo para cavar el Túnel de la Linea -- Carvajal rompe con la tradición familiar -- Coltejer: el símbolo textil que se negó a desaparecer -- La reccetta, con apetito por grandes clientes -- Automotores: Casa Blanca salva a tres gigantes24aÉxito en los negocios24aEstudio de casos24aLíderes empresariales24aEstudio de casos